000 00497nam a2200181Ia 4500
001 18054
005 20260306171602.0
008 260306s9999||||xx |||||||||||||| ||und||
041 _aESP
082 _a658.4
_bG77
100 _aGratton, Lynda
_eAUT
245 0 _aPuntos calientes:
_bpor qué algunos equipos, lugares de trabajo y organizaciones vibran con energía y otros no
260 _c2008
300 _a352 páginas :
_c
650 _aGEN
654 _aCAN
942 _cLIB
_dJUS
_fJUS
_2ddc
_n
999 _c18054
_d18054